[Event "3MCR_4D_2LA_3S"]
[Site "?"]
[Date "1999.??.??"]
[Round "3"]
[White "Gresek, Jaromir"]
[Black "Grulich, Jiri"]
[Result "1-0"]
[WhiteElo "1800"]
[BlackElo "2000"]
[PlyCount "101"]
[EventDate "1999.??.??"]
[EventType "corr"]

1. e4 e6 2. d4 d5 3. Nd2 c5 4. exd5 Qxd5 5. Ngf3 cxd4 6. Bc4 Qd6 7. O-O Nc6 8.
Nb3 Nf6 9. Nbxd4 Nxd4 10. Nxd4 a6 11. Bb3 Qc7 12. Qf3 Bd6 13. h3 O-O 14. Bg5
Nd7 15. c3 Ne5 16. Qh5 h6 17. Bc2 Ng6 18. Be3 Nf4 19. Qh4 Rb8 20. Rfe1 b6 21.
Nc6 Qxc6 22. Bxf4 Bxf4 23. Qxf4 Bb7 24. Qg3 Rfd8 25. Rad1 Rbc8 26. Rxd8+ Rxd8
27. Rd1 Rxd1+ 28. Bxd1 Qd7 29. Qb8+ Kh7 30. Bh5 g6 31. Be2 f5 32. c4 b5 33. c5
Kg7 34. Qe5+ Kf7 35. Qh8 Qd2 36. Qh7+ Kf6 37. Bf1 Bd5 38. Qg8 g5 39. Qd8+ Kf7
40. c6 Qc1 41. c7 Bb7 42. Qd7+ Kf6 43. a4 h5 44. Qd6 Kf7 45. Qb6 Bc8 46. Qb8
Bd7 47. Qd8 Qc6 48. g3 e5 49. Qxg5 bxa4 50. Qxh5+ Ke7 51. Qg5+ 1-0

[Event "3MCR_4D_2LA_3S"]
[Site "?"]
[Date "1999.??.??"]
[Round "3"]
[White "Strnad, Jiri"]
[Black "Grulich, Jiri"]
[Result "0-1"]
[WhiteElo "1945"]
[BlackElo "2000"]
[PlyCount "88"]
[EventDate "1999.??.??"]
[EventType "corr"]

1. e4 e6 2. d4 d5 3. Nc3 Nf6 4. e5 Nfd7 5. f4 c5 6. Nf3 Nc6 7. Be3 cxd4 8. Nxd4
Bc5 9. g3 Nxd4 10. Bxd4 Bxd4 11. Qxd4 Qb6 12. O-O-O Qxd4 13. Rxd4 a6 14. Bg2 g6
15. h4 Ke7 16. Ne2 b5 17. Kd2 Bb7 18. Rd1 Rhd8 19. c3 Rac8 20. Ke3 Nb6 21. b3
Rc7 22. Bf3 Rdc8 23. h5 Nd7 24. hxg6 hxg6 25. Rh1 Nb8 26. Rh7 Nc6 27. Rd2 b4
28. cxb4 Nxb4 29. g4 a5 30. g5 Ba6 31. Rh1 Rc2 32. Rxc2 Rxc2 33. a3 Na2 34. Rh8
Bxe2 35. Bxe2 Rc3+ 36. Kd2 Rxb3 37. a4 Rb2+ 38. Ke3 Nc3 39. Bf1 Rb4 40. Rc8
Rxa4 41. Bd3 Rb4 42. Ra8 Nd1+ 43. Kd2 Nb2 44. Be2 Rxf4 0-1

[Event "3MCR_4D_2LA_3S"]
[Site "?"]
[Date "1999.??.??"]
[Round "3"]
[White "Efler, Ladislav"]
[Black "Ederer, Karel"]
[Result "1/2-1/2"]
[WhiteElo "2200"]
[BlackElo "2115"]
[PlyCount "79"]
[EventDate "1999.??.??"]
[EventType "corr"]

1. e4 e5 2. Nc3 Nf6 3. Bc4 Bc5 4. f4 Bxg1 5. Rxg1 d5 6. Nxd5 Nxd5 7. Qh5 O-O 8.
Bxd5 c6 9. Bb3 Qd4 10. Kf1 exf4 11. d3 a5 12. Qf3 Be6 13. c3 Qb6 14. Qf2 c5 15.
Bd1 f5 16. e5 Qb5 17. Be2 Nc6 18. Qxf4 a4 19. Kf2 Ne7 20. d4 c4 21. Bf3 Nd5 22.
Qd2 Qd7 23. Qe2 b5 24. Rf1 a3 25. Kg1 Ra7 26. Qc2 b4 27. bxa3 bxc3 28. Bxd5
Bxd5 29. Qxc3 Qc6 30. Rf2 Raf7 31. Bf4 Rb7 32. Bd2 g6 33. Qh3 Be6 34. Bb4 Rd8
35. Qc3 Qe4 36. Rd1 Rb5 37. Rff1 Bd5 38. Qg3 Be6 39. Rfe1 Qd5 40. Qh4 1/2-1/2

[Event "3MCR_4D_2LA_3S"]
[Site "?"]
[Date "1999.??.??"]
[Round "3"]
[White "Nemec, Zdenek"]
[Black "Novak, Vaclav"]
[Result "1-0"]
[WhiteElo "2135"]
[BlackElo "1740"]
[PlyCount "109"]
[EventDate "1999.??.??"]
[EventType "corr"]

1. e4 e5 2. Nf3 Nc6 3. d4 exd4 4. Nxd4 Bc5 5. Nb3 Bb6 6. a4 Qf6 7. Qe2 Nge7 8.
a5 Nd4 9. Nxd4 Bxd4 10. c3 Bc5 11. g3 O-O 12. Bg2 a6 13. O-O d6 14. Be3 Bxe3
15. Qxe3 Bd7 16. Nd2 h6 17. Rfd1 Bc6 18. Nf3 Rad8 19. Nd4 Bd7 20. Qd3 Nc6 21.
Qc2 g5 22. Rd2 Qe5 23. Qa4 Ne7 24. Qb3 Rb8 25. Nf3 Qc5 26. e5 Be6 27. Qc2 Bf5
28. b4 Qb5 29. Qb2 dxe5 30. Bf1 Qe8 31. Nxe5 Ng6 32. Nxg6 Bxg6 33. c4 Rd8 34.
Rxd8 Qxd8 35. Bg2 c6 36. b5 Qd3 37. Rc1 Be4 38. bxa6 bxa6 39. Bxe4 Qxe4 40. Qb7
h5 41. Qxa6 h4 42. c5 Rd8 43. Qf1 Qb4 44. a6 Ra8 45. gxh4 Qxh4 46. Rc4 Qh5 47.
Ra4 f5 48. Qd3 f4 49. Rd4 Re8 50. Kg2 Qg4+ 51. Kf1 Kf8 52. a7 Qe6 53. Rd8 Rxd8
54. Qxd8+ Kf7 55. Qc7+ 1-0

[Event "3MCR_4D_2LA_3S"]
[Site "?"]
[Date "1999.??.??"]
[Round "3"]
[White "Vilimek, Pavel"]
[Black "Ederer, Karel"]
[Result "1/2-1/2"]
[WhiteElo "2000"]
[BlackElo "2115"]
[PlyCount "100"]
[EventDate "1999.??.??"]
[EventType "corr"]

1. e4 c5 2. Nf3 Nc6 3. d4 cxd4 4. Nxd4 Nf6 5. Nc3 e5 6. Ndb5 d6 7. Bg5 a6 8.
Na3 b5 9. Bxf6 gxf6 10. Nd5 f5 11. c3 Bg7 12. exf5 Bxf5 13. Nc2 Be6 14. Nce3
Ne7 15. g3 Nxd5 16. Nxd5 O-O 17. Bg2 a5 18. O-O Rb8 19. Qh5 f5 20. Rad1 Kh8 21.
Rd2 Bf7 22. Qd1 Qe8 23. f4 e4 24. Re1 Qd7 25. Ne3 Rbd8 26. a3 Be6 27. Nc2 Bb3
28. Qh5 Bxc2 29. Rxc2 d5 30. Rec1 Rc8 31. Qd1 b4 32. cxb4 Rxc2 33. Qxc2 axb4
34. axb4 Bd4+ 35. Kh1 Be3 36. Qc3+ d4 37. Qc5 Kg8 38. Re1 Rc8 39. Qe5 d3 40.
Bf1 Bd4 41. Qa5 e3 42. Qa6 d2 43. Rd1 Ba7 44. Bc4+ Kg7 45. Kg2 Rxc4 46. Qxc4
Qb7+ 47. Kh3 Qf3 48. Qc7+ Kh6 49. Qd6+ Kh5 50. Qc7 Qg4+ 1/2-1/2

[Event "3MCR_4D_2LA_3S"]
[Site "?"]
[Date "1999.??.??"]
[Round "3"]
[White "Bares, Jiri"]
[Black "Vilimek, Pavel"]
[Result "1/2-1/2"]
[WhiteElo "2155"]
[BlackElo "2000"]
[PlyCount "88"]
[EventDate "1999.??.??"]
[EventType "corr"]

1. d4 Nf6 2. c4 g6 3. Nc3 Bg7 4. e4 d6 5. f3 O-O 6. Be3 c5 7. dxc5 dxc5 8. Qxd8
Rxd8 9. Bxc5 Nc6 10. Nd5 Nd7 11. Ba3 e6 12. Ne3 b6 13. Nh3 Nc5 14. Be2 Bd4 15.
Nc2 Bg7 16. Nf2 Ba6 17. Rd1 Na4 18. b4 Bb7 19. b5 Bc3+ 20. Kf1 Ne5 21. Ne3 Bd2
22. Bc1 Bxe3 23. Bxe3 Rxd1+ 24. Nxd1 Rc8 25. Kf2 Nxc4 26. Bd4 e5 27. Ba1 f6 28.
Nc3 Ncb2 29. Nxa4 Nxa4 30. Rd1 Rc7 31. g4 g5 32. Rd8+ Kf7 33. Kg3 Bc8 34. Bd1
Nc5 35. Bb2 Be6 36. a4 Bb3 37. Bxb3+ Nxb3 38. Ba3 Nd4 39. Rf8+ Kg7 40. Ra8 Rd7
41. Bf8+ Kg6 42. Bb4 Ne2+ 43. Kf2 Nf4 44. Bc3 Nd3+ 1/2-1/2

[Event "3MCR_4D_2LA_3S"]
[Site "?"]
[Date "1999.??.??"]
[Round "3"]
[White "Novak, Vaclav"]
[Black "Kracik, Milan"]
[Result "1-0"]
[WhiteElo "1740"]
[BlackElo "1800"]
[PlyCount "93"]
[EventDate "1999.??.??"]
[EventType "corr"]

1. d4 f5 2. g3 Nf6 3. Bg2 g6 4. c4 Bg7 5. Nc3 O-O 6. Bg5 Nc6 7. e3 e5 8. d5 Nb4
9. a3 Na6 10. Nge2 d6 11. b4 h6 12. Bxf6 Qxf6 13. Rc1 b6 14. O-O Bb7 15. Qb3
Rf7 16. Na4 Raf8 17. c5 bxc5 18. bxc5 Rb8 19. Qd3 dxc5 20. Nxc5 Nxc5 21. Rxc5
Qd6 22. Qb5 a6 23. Qc4 Bf8 24. Ra5 Qb6 25. Qc3 Rd8 26. Rd1 c6 27. Rd2 cxd5 28.
Raxd5 Rxd5 29. Bxd5 Bxd5 30. Rxd5 e4 31. Nd4 Rc7 32. Qa5 Rc1+ 33. Kg2 Rb1 34.
Qa4 Rc1 35. Qe8 Qf6 36. Ne6 Qf7 37. Qxf8+ Qxf8 38. Nxf8 Kxf8 39. Rd6 Kf7 40.
Rxa6 Rc2 41. a4 Ra2 42. a5 Kg7 43. Ra7+ Kf6 44. a6 h5 45. h4 g5 46. hxg5+ Kxg5
47. Ra8 1-0

[Event "3MCR_4D_2LA_3S"]
[Site "?"]
[Date "1999.??.??"]
[Round "3"]
[White "Bares, Jiri"]
[Black "Efler, Ladislav"]
[Result "1-0"]
[WhiteElo "2155"]
[BlackElo "2200"]
[PlyCount "79"]
[EventDate "1999.??.??"]
[EventType "corr"]

1. d4 Nf6 2. c4 e6 3. Nc3 Bb4 4. Qc2 O-O 5. a3 Bxc3+ 6. Qxc3 Ne4 7. Qc2 f5 8.
e3 b6 9. Bd3 Bb7 10. Ne2 Qh4 11. O-O Rf6 12. f3 Rh6 13. h3 Ng3 14. Nxg3 Qxg3
15. e4 Rxh3 16. Bf4 Qxf4 17. gxh3 Nc6 18. Qf2 Rf8 19. Kh1 Ba6 20. exf5 Nxd4 21.
fxe6 Nxe6 22. Rad1 Nc5 23. Bb1 Qh6 24. b4 Ne6 25. b5 Bb7 26. Qg3 Ng5 27. Be4
Nxe4 28. fxe4 Bxe4+ 29. Kh2 Bf5 30. Rd4 Qe6 31. Re1 Qf6 32. Rf4 g6 33. Rf2 Qd4
34. Ref1 Qc5 35. Rf3 Rf7 36. Qg1 Qe5+ 37. Qg3 Qc5 38. R1f2 Be6 39. Rxf7 Bxf7
40. Qh4 1-0

[Event "3MCR_4D_2LA_3S"]
[Site "?"]
[Date "1999.??.??"]
[Round "3"]
[White "Kracik, Milan"]
[Black "Efler, Ladislav"]
[Result "1/2-1/2"]
[WhiteElo "1800"]
[BlackElo "2200"]
[PlyCount "70"]
[EventDate "1999.??.??"]
[EventType "corr"]

1. c4 e5 2. Nc3 Nf6 3. g3 c6 4. Nf3 d6 5. Bg2 Nbd7 6. d4 e4 7. Nd2 d5 8. cxd5
cxd5 9. O-O Nb6 10. f3 exf3 11. Nxf3 Be7 12. Qb3 O-O 13. a4 Nc4 14. Ng5 h6 15.
Nh3 Na5 16. Qd1 Bxh3 17. Bxh3 Qb6 18. e3 Rad8 19. Qd3 Rfe8 20. Bg2 Nb3 21. Rb1
Nxc1 22. Rfxc1 Bb4 23. Rc2 Rd7 24. Rbc1 Bxc3 25. Qxc3 Rde7 26. Re1 Qe6 27. b4
Qf5 28. Rce2 Ng4 29. Bh3 Rc8 30. Qb3 Rc4 31. Rf1 Qh5 32. Bxg4 Qxg4 33. Ref2 Qe6
34. Rf5 f6 35. R5f3 a6 1/2-1/2

[Event "3MCR_4D_2LA_3S"]
[Site "?"]
[Date "1999.??.??"]
[Round "3"]
[White "Rybak, David"]
[Black "Efler, Ladislav"]
[Result "1/2-1/2"]
[WhiteElo "1800"]
[BlackElo "2200"]
[PlyCount "82"]
[EventDate "1999.??.??"]
[EventType "corr"]

1. e4 c5 2. c3 d5 3. exd5 Qxd5 4. d4 Nf6 5. Nf3 Bg4 6. Be2 e6 7. h3 Bh5 8. c4
Qd7 9. g4 Bg6 10. d5 exd5 11. Ne5 Qe7 12. Nxg6 hxg6 13. g5 Ne4 14. cxd5 Nxg5
15. Qb3 Ne4 16. Bf4 Rh4 17. Be3 Qc7 18. Nc3 Nd7 19. O-O-O Nd6 20. Bg4 Rh8 21.
Bg5 f6 22. Rhe1+ Kd8 23. Bf4 Qb6 24. Qc2 f5 25. Re6 Qb4 26. Bg5+ Kc7 27. Be2 c4
28. Rxg6 Ne5 29. Re6 Nef7 30. Bd2 Rc8 31. Ne4 Qb6 32. Qa4 Qb5 33. Qxa7 fxe4 34.
Ba5+ Kd7 35. Bg4 Be7 36. Rxe4+ Ke8 37. Bxc8 Nxc8 38. Qb8 Qxa5 39. Qxc8+ Qd8 40.
Qxb7 Nd6 41. Qc6+ Kf7 1/2-1/2

[Event "3MCR_4D_2LA_3S"]
[Site "?"]
[Date "1999.??.??"]
[Round "3"]
[White "Vilimek, Pavel"]
[Black "Novak, Vaclav"]
[Result "1-0"]
[WhiteElo "2000"]
[BlackElo "1740"]
[PlyCount "93"]
[EventDate "1999.??.??"]
[EventType "corr"]

1. d4 d5 2. c4 c6 3. Nf3 Nf6 4. Nc3 e6 5. Bg5 h6 6. Bxf6 Qxf6 7. Qc2 dxc4 8. e3
b5 9. a4 Bb7 10. axb5 cxb5 11. Nxb5 Bb4+ 12. Nc3 O-O 13. Be2 Nd7 14. O-O Rfd8
15. Nd2 e5 16. Bf3 Bxf3 17. Nxf3 exd4 18. Nd5 Qd6 19. Qxc4 Ne5 20. Nxe5 Qxd5
21. Qxd5 Rxd5 22. Nc6 Bf8 23. exd4 a5 24. Rfc1 f6 25. g3 Rb5 26. Rc2 Kf7 27.
Re1 Bd6 28. Kg2 g5 29. Ree2 Ra6 30. Nd8+ Kg6 31. Re6 Rab6 32. Nc6 Bb8 33. Ne7+
Kf7 34. Rxb6 Rxb6 35. Nf5 h5 36. Kf3 a4 37. Ke4 Rb5 38. h3 Rb3 39. Ne3 a3 40.
bxa3 Rxa3 41. Rb2 Ba7 42. Rb7+ Ke8 43. Rh7 Ra2 44. f4 h4 45. fxg5 hxg3 46. gxf6
g2 47. Rg7 1-0

[Event "3MCR_4D_2LA_3S"]
[Site "?"]
[Date "1999.??.??"]
[Round "3"]
[White "Novak, Vaclav"]
[Black "Paukert, Martin"]
[Result "0-1"]
[WhiteElo "1740"]
[BlackElo "1985"]
[PlyCount "90"]
[EventDate "1999.??.??"]
[EventType "corr"]

1. e4 c5 2. Nf3 a6 3. d4 cxd4 4. Nxd4 Nf6 5. Nc3 e5 6. Nb3 Bb4 7. Bd2 O-O 8.
Bd3 Bxc3 9. Bxc3 d5 10. Bxe5 Re8 11. Bg3 Nxe4 12. O-O Nc6 13. c3 Bf5 14. Qc2
Rc8 15. a3 Nxg3 16. Bxf5 Nxf5 17. Qxf5 Qb6 18. Qc2 d4 19. Nd2 dxc3 20. Qxc3 Ne5
21. Qb3 Qxb3 22. Nxb3 Rc2 23. Rfe1 Kf8 24. Rad1 b6 25. h3 Rxb2 26. Nd4 Nc4 27.
Rxe8+ Kxe8 28. Nc6 f6 29. Rd8+ Kf7 30. Ra8 a5 31. Ra7+ Ke6 32. Rxg7 Rb1+ 33.
Kh2 Nxa3 34. Rxh7 Kd6 35. Nd4 Rd1 36. Nf5+ Ke5 37. Ne3 Rd2 38. Rh6 b5 39. Ng4+
Kd4 40. Rxf6 b4 41. Rf3 a4 42. h4 b3 43. Rf4+ Kc3 44. Rxa4 Nc2 45. Nf6 Rd4 0-1

[Event "3MCR_4D_2LA_3S"]
[Site "?"]
[Date "1999.??.??"]
[Round "3"]
[White "Hrubant, Miloslav"]
[Black "Nemec, Zdenek"]
[Result "1/2-1/2"]
[WhiteElo "1800"]
[BlackElo "2135"]
[PlyCount "123"]
[EventDate "1999.??.??"]
[EventType "corr"]

1. e4 e5 2. Nf3 Nf6 3. Nxe5 d6 4. Nf3 Nxe4 5. d4 d5 6. Bd3 Be7 7. O-O Nc6 8. c4
Nb4 9. Be2 O-O 10. Nc3 Be6 11. Be3 Nxc3 12. bxc3 Nc6 13. cxd5 Bxd5 14. Qd2 Qd7
15. Rab1 b6 16. c4 Be4 17. Rb5 Rad8 18. d5 Bxf3 19. Bxf3 Ne5 20. Qe2 Qf5 21.
Rb3 Nxf3+ 22. Qxf3 Qc2 23. Rc1 Qxa2 24. Bd4 Qd2 25. Be3 Qa5 26. Bd4 Bd6 27. Qg4
f6 28. Qe6+ Kh8 29. Ra1 Qd2 30. Qe3 Qc2 31. Qd3 Qxd3 32. Rxd3 Rfe8 33. g3 a5
34. c5 bxc5 35. Bc3 Kg8 36. Rxa5 Ra8 37. Kf1 Rxa5 38. Bxa5 Ra8 39. Bd2 c4 40.
Rd4 Ra4 41. Bf4 Kf7 42. Bxd6 cxd6 43. Ke2 h5 44. h4 f5 45. Kd2 Kf6 46. f4 Ra5
47. Rxc4 Rxd5+ 48. Ke3 Rc5 49. Ra4 Rc3+ 50. Kf2 Rc7 51. Ra6 Ke6 52. Rb6 g6 53.
Rb8 Re7 54. Rg8 Kf7 55. Rd8 Re6 56. Rd7+ Ke8 57. Ra7 Kd8 58. Kf3 Re7 59. Ra6
Kd7 60. Kf2 Re6 61. Kf3 Kc7 62. Kf2 1/2-1/2

[Event "3MCR_4D_2LA_3S"]
[Site "?"]
[Date "1999.??.??"]
[Round "3"]
[White "Nemec, Zdenek"]
[Black "Vilimek, Pavel"]
[Result "0-1"]
[WhiteElo "2135"]
[BlackElo "2000"]
[PlyCount "104"]
[EventDate "1999.??.??"]
[EventType "corr"]

1. e4 e5 2. Nf3 Nc6 3. d4 exd4 4. Nxd4 Qf6 5. Be3 Bc5 6. c3 Nge7 7. Bc4 Ne5 8.
Be2 d5 9. O-O O-O 10. f4 N5c6 11. e5 Qh4 12. Bf2 Bxd4 13. Bxd4 Bf5 14. Nd2 Qh6
15. Rf2 Rad8 16. Nf1 Nxd4 17. cxd4 Qb6 18. Ng3 Be4 19. Qd2 f6 20. exf6 Qxf6 21.
Qb4 b6 22. Rc1 c6 23. Qa4 Rd7 24. Qb3 Bf5 25. Qe3 Rd6 26. Nh5 Qe6 27. Qe5 Rf7
28. Ng3 Qf6 29. Bh5 g6 30. Bf3 Re6 31. Qxf6 Rexf6 32. Nxf5 Nxf5 33. Rd2 Re7 34.
g3 h5 35. Kf2 Kg7 36. b4 b5 37. Rd3 a5 38. bxa5 Ra7 39. a4 Rxa5 40. axb5 Rxb5
41. Rc2 Rb4 42. Rcd2 Rf7 43. Bd1 Rf8 44. Bf3 Rfb8 45. Bg2 R8b7 46. Bh3 Nd6 47.
Re2 Nb5 48. Red2 Ra7 49. g4 Rf7 50. Kf3 g5 51. f5 hxg4+ 52. Bxg4 Kf6 0-1

[Event "3MCR_4D_2LA_3S"]
[Site "?"]
[Date "1999.??.??"]
[Round "3"]
[White "Efler, Ladislav"]
[Black "Grulich, Jiri"]
[Result "1/2-1/2"]
[WhiteElo "2200"]
[BlackElo "2000"]
[PlyCount "75"]
[EventDate "1999.??.??"]
[EventType "corr"]

1. e4 e6 2. d4 d5 3. Nd2 c5 4. exd5 Qxd5 5. Ngf3 cxd4 6. Bc4 Qd6 7. O-O Nf6 8.
Nb3 Nc6 9. Nbxd4 Nxd4 10. Nxd4 a6 11. Re1 Qc7 12. Bb3 Bd6 13. Nf5 Bxh2+ 14. Kh1
O-O 15. Nxg7 Rd8 16. Qe2 Kxg7 17. g3 Bxg3 18. fxg3 Qc5 19. Bf4 Qh5+ 20. Qxh5
Nxh5 21. Bc7 Rd7 22. Be5+ f6 23. g4 fxe5 24. gxh5 b5 25. Kh2 Rd2+ 26. Kh3 e4
27. Rxe4 e5+ 28. Kg3 Kf6 29. Rae1 Ra7 30. Rxe5 Rg7+ 31. Kf4 Rf2+ 32. Ke3 Rxc2
33. Re8 Rcc7 34. Rf1+ Kg5 35. Re5+ Kh4 36. Rh1+ Kg3 37. h6 Rge7 38. Rg1+
1/2-1/2

[Event "3MCR_4D_2LA_3S"]
[Site "?"]
[Date "1999.??.??"]
[Round "3"]
[White "Kracik, Milan"]
[Black "Paukert, Martin"]
[Result "0-1"]
[WhiteElo "1800"]
[BlackElo "1985"]
[PlyCount "87"]
[EventDate "1999.??.??"]
[EventType "corr"]

1. c4 c5 2. Nc3 Nc6 3. g3 g6 4. Bg2 Bg7 5. Nf3 e6 6. d4 cxd4 7. Nb5 d5 8. Nbxd4
Nxd4 9. Nxd4 dxc4 10. Qa4+ Bd7 11. Qxc4 Rc8 12. Qd3 Qb6 13. Nb3 Bb5 14. Qe4 Bc6
15. Qc4 Ne7 16. Bxc6+ Qxc6 17. Qxc6+ Nxc6 18. O-O O-O 19. Rb1 Rfd8 20. Bd2 Kf8
21. Rfc1 Ke8 22. Kg2 Nd4 23. Nxd4 Bxd4 24. Rxc8 Rxc8 25. Bc3 Bxc3 26. bxc3 b6
27. Rb3 Kd7 28. Kf3 Kc6 29. e4 Rd8 30. Ke3 Kc5 31. Rb4 a5 32. Rb2 b5 33. f4 Kc4
34. Rd2 Rxd2 35. Kxd2 b4 36. cxb4 Kxb4 37. Kd3 Ka3 38. Kc4 Kxa2 39. Kb5 Kb3 40.
Kxa5 Kc4 41. e5 g5 42. fxg5 Kd5 43. Kb5 Kxe5 44. Kc5 0-1

[Event "3MCR_4D_2LA_3S"]
[Site "?"]
[Date "1999.??.??"]
[Round "3"]
[White "Vilimek, Pavel"]
[Black "Gresek, Jaromir"]
[Result "0-1"]
[WhiteElo "2000"]
[BlackElo "1800"]
[PlyCount "96"]
[EventDate "1999.??.??"]
[EventType "corr"]

1. e4 c5 2. Nf3 d6 3. d4 cxd4 4. Nxd4 Nf6 5. Nc3 a6 6. Bg5 e6 7. f4 Qb6 8. Qd2
Qxb2 9. Rb1 Qa3 10. f5 Nc6 11. fxe6 fxe6 12. Nxc6 bxc6 13. Be2 Be7 14. O-O O-O
15. Rb3 Qc5+ 16. Be3 Qe5 17. Bf4 Qc5+ 18. Kh1 Ng4 19. h3 e5 20. Na4 Qa7 21.
Bc4+ Kh8 22. hxg4 exf4 23. Nb6 d5 24. exd5 cxd5 25. Qxd5 Bb7 26. Qh5 Rad8 27.
Nd5 Rd6 28. Nxe7 Rh6 29. Qxh6 gxh6 30. Nf5 h5 31. Rxf4 Qa8 32. Rf2 hxg4 33. Kg1
Be4 34. Bd3 Bxf5 35. Rxf5 Rxf5 36. Bxf5 Qd5 37. Bd3 g3 38. Kf1 Qf7+ 39. Ke1
Qf2+ 40. Kd1 Qg1+ 41. Kd2 Qxg2+ 42. Kc3 Qc6+ 43. Kd2 Qh6+ 44. Kc3 Qf6+ 45. Kc4
Qf4+ 46. Kd5 g2 47. Rb1 h5 48. Kc6 h4 0-1

[Event "3MCR_4D_2LA_3S"]
[Site "?"]
[Date "1999.??.??"]
[Round "3"]
[White "Grulich, Jiri"]
[Black "Hrubant, Miloslav"]
[Result "1/2-1/2"]
[WhiteElo "2000"]
[BlackElo "1800"]
[PlyCount "114"]
[EventDate "1999.??.??"]
[EventType "corr"]

1. d4 Nf6 2. c4 e6 3. Nf3 d5 4. e3 c6 5. Nc3 Be7 6. Bd3 Nbd7 7. O-O O-O 8. e4
dxe4 9. Nxe4 b6 10. Re1 Bb7 11. Nxf6+ Nxf6 12. a3 c5 13. dxc5 bxc5 14. b3 Qc7
15. Bb2 Qc6 16. Qc2 h6 17. Qc3 Rfd8 18. Be4 Qc7 19. Bxb7 Qxb7 20. Rad1 Rab8 21.
Rxd8+ Rxd8 22. h3 a5 23. Qxa5 Rd3 24. Bxf6 Bxf6 25. Qxc5 Qxb3 26. Qc8+ Kh7 27.
Qe8 Rd1 28. Qxf7 Rxe1+ 29. Nxe1 Qxc4 30. Qd7 Bd4 31. a4 e5 32. Kh2 Kg8 33. Qb5
Qxb5 34. axb5 Bxf2 35. Nd3 Ba7 36. Kg3 e4 37. Nb2 Bb8+ 38. Kf2 Ba7+ 39. Ke2 Kf7
40. Na4 Ke6 41. b6 Bb8 42. Nc5+ Kf5 43. Ke3 Bf4+ 44. Kf2 Bd6 45. Na6 Kf4 46.
g3+ Kf5 47. b7 e3+ 48. Kxe3 Bxg3 49. Kf3 Bd6 50. b8=Q Bxb8 51. Nxb8 g5 52. Kg3
h5 53. Nc6 Ke4 54. Na5 Kf5 55. Nb3 Ke4 56. Nd2+ Kf5 57. Nb1 Ke4 1/2-1/2

[Event "3MCR_4D_2LA_3S"]
[Site "?"]
[Date "1999.??.??"]
[Round "3"]
[White "Paukert, Martin"]
[Black "Gresek, Jaromir"]
[Result "1-0"]
[WhiteElo "1985"]
[BlackElo "1800"]
[PlyCount "87"]
[EventDate "1999.??.??"]
[EventType "corr"]

1. e4 c5 2. Nf3 d6 3. d4 cxd4 4. Qxd4 Nc6 5. Bb5 Bd7 6. Bxc6 Bxc6 7. Nc3 Nf6 8.
Bg5 e6 9. O-O-O Be7 10. Qd3 Qa5 11. h4 h6 12. Bxf6 Bxf6 13. Nd4 O-O 14. f4 Bxd4
15. Qxd4 Rad8 16. g4 Qc5 17. Qd3 b5 18. g5 h5 19. Rh2 b4 20. Ne2 d5 21. e5 Bb5
22. Qf3 Rc8 23. Nd4 g6 24. Nb3 Qb6 25. Rhd2 Bc4 26. Kb1 Bxb3 27. Qxb3 Rc4 28.
Qf3 Rfc8 29. f5 exf5 30. Qxd5 Rxh4 31. Qd7 Qc6 32. Qxc6 Rxc6 33. a3 Rg4 34. Rd7
bxa3 35. Rxa7 Rxg5 36. bxa3 f4 37. Rd6 Rxd6 38. exd6 Rd5 39. d7 Rd1+ 40. Kb2
Kg7 41. Rb7 g5 42. a4 g4 43. c3 g3 44. Kc2 1-0

[Event "3MCR_4D_2LA_3S"]
[Site "?"]
[Date "1999.??.??"]
[Round "3"]
[White "Bares, Jiri"]
[Black "Gresek, Jaromir"]
[Result "1/2-1/2"]
[WhiteElo "2155"]
[BlackElo "1800"]
[PlyCount "78"]
[EventDate "1999.??.??"]
[EventType "corr"]

1. d4 Nf6 2. c4 e6 3. Nc3 Bb4 4. Qc2 O-O 5. a3 Bxc3+ 6. Qxc3 b6 7. Bg5 Bb7 8.
e3 d6 9. f3 Nbd7 10. Bd3 c5 11. Ne2 Rc8 12. O-O Ba6 13. b3 h6 14. Bh4 d5 15.
Rfd1 cxd4 16. Nxd4 dxc4 17. bxc4 Qc7 18. Qe1 Ne5 19. Bxf6 Nxd3 20. Rxd3 gxf6
21. Rc1 Qe5 22. Rdc3 Rc7 23. f4 Qe4 24. Qg3+ Kh7 25. Qf3 Qxf3 26. Nxf3 Rfc8 27.
Nd2 f5 28. a4 h5 29. Kf2 h4 30. Rd3 Bb7 31. Rd1 Rg8 32. g3 hxg3+ 33. hxg3 Bc6
34. Ra1 Rh8 35. a5 Kg7 36. axb6 axb6 37. Nf1 b5 38. Rd4 b4 39. Rb1 Ra7 1/2-1/2

[Event "3MCR_4D_2LA_3S"]
[Site "?"]
[Date "1999.??.??"]
[Round "3"]
[White "Strnad, Jiri"]
[Black "Kracik, Milan"]
[Result "1/2-1/2"]
[WhiteElo "1945"]
[BlackElo "1800"]
[PlyCount "116"]
[EventDate "1999.??.??"]
[EventType "corr"]

1. e4 c5 2. Nf3 Nc6 3. d4 cxd4 4. Nxd4 Nf6 5. Nc3 e5 6. Ndb5 d6 7. Bg5 a6 8.
Na3 b5 9. Nd5 Qa5+ 10. Bd2 Qd8 11. Nxf6+ Qxf6 12. c4 Qg6 13. f3 Be7 14. g3 b4
15. Nc2 Rb8 16. Bg2 O-O 17. O-O f5 18. exf5 Bxf5 19. Ne3 Bd3 20. Re1 Nd4 21.
Rc1 Bd8 22. b3 Bb6 23. Bxb4 Ne2+ 24. Rxe2 Bxe2 25. Qxe2 Bxe3+ 26. Qxe3 Rxb4 27.
Rd1 Rb7 28. Qd2 Rb6 29. Re1 Kh8 30. Re3 Rbb8 31. Rd3 Rf6 32. Qd1 Rbf8 33. Rd5
Qh6 34. Qe1 Re6 35. Ra5 Ra8 36. a3 Ree8 37. Rd5 Rab8 38. Rd3 Rf8 39. Qd1 Rf6
40. Qe1 Qg6 41. Qe3 Rc8 42. Bh3 Rcf8 43. Bg2 Re8 44. b4 Rc8 45. c5 dxc5 46.
bxc5 Rfc6 47. Rd5 Qh6 48. Qc3 Re6 49. Qe1 Rf8 50. Kh1 Rfe8 51. Bf1 Qh5 52. Qe4
Rh6 53. h3 Qg5 54. Kg2 Rg6 55. Qe1 Rge6 56. Bc4 Qe7 57. Bd3 Qb7 58. Qe4 Qb2+
1/2-1/2

[Event "3MCR_4D_2LA_3S"]
[Site "?"]
[Date "1999.??.??"]
[Round "3"]
[White "Grulich, Jiri"]
[Black "Bares, Jiri"]
[Result "1/2-1/2"]
[WhiteElo "2000"]
[BlackElo "2155"]
[PlyCount "105"]
[EventDate "1999.??.??"]
[EventType "corr"]

1. d4 d5 2. c4 e6 3. Nc3 Nf6 4. Nf3 Be7 5. e3 O-O 6. b3 c5 7. cxd5 cxd4 8. Nxd4
Nxd5 9. Bb2 Bb4 10. Qc2 e5 11. Ndb5 Nxc3 12. Nxc3 Be6 13. Bd3 f5 14. O-O Nd7
15. a3 Bd6 16. Rfd1 Qe7 17. Nb5 Rac8 18. Bc4 Bb8 19. Bxe6+ Qxe6 20. Nc3 e4 21.
b4 Qf7 22. Rab1 Ne5 23. Ba1 Nd3 24. Qb3 Qxb3 25. Rxb3 Rfd8 26. Rbb1 Rc4 27. Ne2
g6 28. Rbc1 Rdc8 29. Rxc4 Rxc4 30. f3 a6 31. Bd4 Rc2 32. fxe4 fxe4 33. Nc3 Nf2
34. Rf1 Ng4 35. Nxe4 Bxh2+ 36. Kh1 Bc7 37. Nc5 b5 38. Nxa6 Bd6 39. Nc5 Ra2 40.
Ne4 Be5 41. Nc3 Rxa3 42. Nxb5 Rb3 43. Bc5 Nxe3 44. Bxe3 Rxe3 45. Rb1 Re4 46.
Na3 Kf7 47. Kg1 Ke6 48. b5 Bd4+ 49. Kh2 Bf2 50. Rb3 Rh4+ 51. Rh3 Kd5 52. Rxh4
Bxh4 53. b6 1/2-1/2

[Event "3MCR_4D_2LA_3S"]
[Site "?"]
[Date "1999.??.??"]
[Round "?"]
[White "Zidu, Jan"]
[Black "Gresek, Jaromir"]
[Result "1/2-1/2"]
[WhiteElo "2000"]
[BlackElo "1800"]
[PlyCount "96"]
[EventDate "1999.??.??"]
[EventType "corr"]

1. e4 c5 2. f4 e6 3. Nf3 d5 4. Bb5+ Bd7 5. Bxd7+ Nxd7 6. d3 Bd6 7. O-O Ne7 8.
c4 O-O 9. Nc3 d4 10. Ne2 a6 11. Kh1 Nc6 12. Bd2 b5 13. Qc2 Qb6 14. Rfc1 Rfb8
15. cxb5 axb5 16. Ng3 Ra6 17. e5 Be7 18. a3 Qa7 19. Qd1 b4 20. axb4 Nxb4 21.
Bxb4 Rxb4 22. b3 Rxa1 23. Rxa1 Qb8 24. Nd2 Nb6 25. Qf3 Nd5 26. Re1 Rb6 27. f5
Ne3 28. f6 Bf8 29. Ra1 g6 30. Qe4 Nd5 31. Ngf1 Rb5 32. h3 Bh6 33. g3 Bf8 34.
Nh2 Qb7 35. Nhf3 Bh6 36. Kh2 Be3 37. Ra3 Rb6 38. Ra4 Qb8 39. Ra5 Rb5 40. Ra6
Rb7 41. Nc4 Rxb3 42. Ra5 Rc3 43. h4 Bh6 44. Rxc5 Bf8 45. Ra5 Rc2+ 46. Kh3 Qb1
47. Nfd2 Qg1 48. Qg2 Qd1 1/2-1/2

[Event "3MCR_4D_2LA_4S"]
[Site "?"]
[Date "1999.??.??"]
[Round "4"]
[White "Trcka, Vaclav"]
[Black "Spilka, Jiri"]
[Result "0-1"]
[WhiteElo "2130"]
[BlackElo "2000"]
[PlyCount "34"]
[EventDate "1999.??.??"]
[EventType "corr"]

1. d4 Nf6 2. c4 c5 3. d5 b5 4. cxb5 a6 5. Nc3 axb5 6. e4 b4 7. Nb5 d6 8. Bf4 g5
9. Bxg5 Nxe4 10. Bf4 Nf6 11. Qe2 Ra6 12. Bg5 Nxd5 13. Qe4 Bb7 14. Rd1 Rg8 15.
Nf3 Rg6 16. Qf5 Re6+ 17. Be2 Qa5 0-1

[Event "3MCR_4D_2LA_4S"]
[Site "?"]
[Date "1999.??.??"]
[Round "4"]
[White "Spilka, Jiri"]
[Black "Kovac, Alexandr"]
[Result "1/2-1/2"]
[WhiteElo "2000"]
[BlackElo "1800"]
[PlyCount "28"]
[EventDate "1999.??.??"]
[EventType "corr"]

1. c4 Nf6 2. Nc3 g6 3. g3 Bg7 4. Bg2 O-O 5. Nf3 d6 6. O-O e5 7. Rb1 Nc6 8. b4
e4 9. Ne1 Re8 10. Nc2 Be6 11. d3 exd3 12. exd3 d5 13. b5 Ne7 14. c5 d4 1/2-1/2